[Event "Lichtenrader Herbst"]
[Site "Berlin"]
[Date "2013.09.29"]
[Round "2.13"]
[White "Jaeger, Andre"]
[Black "Bruedigam, Martin"]
[Result "0-1"]
[WhiteElo "2023"]
[BlackElo "2312"]
[PlyCount "84"]
[EventDate "2013.??.??"]
[WhiteTeam "SC Rochade e.V."]
[BlackTeam "USV Potsdam e.V., Abt. Schach"]

1. d4 d5 2. c4 dxc4 3. Nf3 Nf6 4. e3 Bg4 5. Bxc4 e6 6. h3 Bh5 7. g4 Bg6 8. Ne5
Nbd7 9. Nxg6 hxg6 10. Qf3 c6 11. a3 Qc7 12. Nc3 Nb6 13. Ba2 O-O-O 14. Bd2 Kb8
15. O-O-O Ka8 16. Kb1 Nfd5 17. Nxd5 exd5 18. Rc1 Bd6 19. Ba5 Qe7 20. Ka1 Rde8
21. Bxb6 axb6 22. b4 b5 23. Bb1 Ka7 24. Bd3 Ra8 25. Kb2 Kb6 26. Ra1 Ra6 27. Qd1
Rha8 28. Qd2 g5 29. Kb3 Ra4 30. Qc3 Qf6 31. f4 Re8 32. Rhe1 Rh8 33. fxg5 Qxg5
34. Bf1 g6 35. Bg2 f5 36. Rac1 Rha8 37. Ra1 fxg4 38. e4 dxe4 39. Bxe4 gxh3 40.
d5 c5 41. bxc5+ Bxc5 42. Qg7 Rxe4 0-1

[Event "Lichtenrader Herbst"]
[Site "Berlin"]
[Date "2013.09.29"]
[Round "2.14"]
[White "Gruzmann, Boris"]
[Black "Kather, Yannick"]
[Result "1/2-1/2"]
[WhiteElo "2245"]
[BlackElo "1975"]
[PlyCount "62"]
[EventDate "2013.??.??"]
[WhiteTeam "SG Lasker Steglitz-Wilmersdorf"]
[BlackTeam "SC Weisse Dame e.V."]

1. e4 c5 2. Nf3 Nc6 3. d4 cxd4 4. Nxd4 g6 5. Nc3 Bg7 6. Be3 Nf6 7. Bc4 Qa5 8.
O-O O-O 9. Bb3 d6 10. h3 Bd7 11. f4 Nxd4 12. Bxd4 Bc6 13. Re1 e5 14. Bf2 Rad8
15. Qf3 d5 16. exd5 Nxd5 17. Nxd5 Bxd5 18. Bxd5 Rxd5 19. f5 e4 20. Qxe4 Rxf5
21. Qxb7 Rb5 22. Qxa7 Qxa7 23. Bxa7 Rxb2 24. Rac1 Rxa2 25. Be3 Bb2 26. Rcd1 Rc8
27. Re2 Bf6 28. Rc1 Kg7 29. Kf1 Bb2 30. Rd1 Bf6 31. Rc1 Bb2 1/2-1/2

[Event "Lichtenrader Herbst"]
[Site "Berlin"]
[Date "2013.09.29"]
[Round "2.15"]
[White "Schmalzried, Volker"]
[Black "Glantz, Robert"]
[Result "0-1"]
[WhiteElo "1901"]
[BlackElo "2310"]
[PlyCount "84"]
[EventDate "2013.??.??"]
[BlackTeam "SC Kreuzberg e.V."]

1. c4 Nf6 2. Nc3 e6 3. d4 Bb4 4. Bd2 d5 5. cxd5 exd5 6. Nf3 O-O 7. e3 Re8 8.
Bd3 Bd6 9. O-O b6 10. Rc1 a6 11. Re1 Bb7 12. Qc2 Ne4 13. a3 Qe7 14. Na2 Nd7 15.
Bb4 c5 16. Bc3 Rac8 17. Qe2 c4 18. Bxe4 dxe4 19. Nd2 Qh4 20. g3 Qh3 21. Nxc4
Re6 22. Nxd6 Rh6 23. f4 exf3 24. Qf2 Nf6 25. e4 Ng4 26. Qxf3 Qxh2+ 27. Kf1 Rxd6
28. Re2 Rf6 29. Rxh2 Nxh2+ 30. Kg2 Rxf3 31. Kxh2 Bxe4 32. Re1 f5 33. g4 Rc6 34.
gxf5 Rh6+ 35. Kg2 Re3+ 36. Kf2 Rxe1 37. Kxe1 a5 38. Bd2 Rh1+ 39. Ke2 Bxf5 40.
Nc3 h5 41. d5 h4 42. Be3 h3 0-1

[Event "Lichtenrader Herbst"]
[Site "Berlin"]
[Date "2013.09.29"]
[Round "2.16"]
[White "Giemsa, Stephan"]
[Black "Schmidek, Emil"]
[Result "0-1"]
[WhiteElo "2321"]
[BlackElo "1940"]
[PlyCount "72"]
[EventDate "2013.??.??"]
[WhiteTeam "SK König Tegel 1949 e.V."]
[BlackTeam "TuS Makkabi Berlin e.V."]

1. d4 Nf6 2. c4 g6 3. Nc3 Bg7 4. e4 O-O 5. Bd3 d6 6. Nge2 Nc6 7. O-O Nh5 8. Bc2
e5 9. d5 Ne7 10. a4 f5 11. exf5 gxf5 12. Ng3 Nf4 13. Nh5 Neg6 14. Nxg7 Kxg7 15.
Ne2 Qg5 16. Nxf4 Nxf4 17. g3 Nh3+ 18. Kh1 f4 19. gxf4 exf4 20. Ra3 Bg4 21. Qd4+
Qf6 22. Qd3 Qh4 23. b4 Rae8 24. Bb2+ Kg8 25. Qd4 Re5 26. f3 Bd7 27. Qd2 Rg5 28.
Qd4 Kf7 29. Raa1 Rg1+ 30. Rxg1 Nf2+ 31. Qxf2 Qxf2 32. Rg2 Qxf3 33. Ra3 Qf1+ 34.
Rg1 Qxc4 35. Rf3 Qxc2 36. Rxf4+ Bf5 0-1

[Event "Lichtenrader Herbst"]
[Site "Berlin"]
[Date "2013.09.29"]
[Round "2.17"]
[White "Stigar, Petter"]
[Black "Buttkus, Andre"]
[Result "1-0"]
[WhiteElo "2239"]
[BlackElo "2045"]
[PlyCount "77"]
[EventDate "2013.??.??"]
[BlackTeam "SK Tempelhof 1931 e.V."]

1. Nf3 c5 2. c4 g6 3. d4 cxd4 4. Nxd4 Bg7 5. e4 Nf6 6. Nc3 Nc6 7. Be3 Ng4 8.
Qxg4 Nxd4 9. Qd1 e5 10. Bd3 O-O 11. O-O d6 12. a4 a6 13. a5 Be6 14. Ne2 f5 15.
Bxd4 exd4 16. exf5 gxf5 17. Nf4 Bf7 18. Qf3 Qh4 19. g3 Qg4 20. Kg2 Be5 21. Rfe1
Rac8 22. Rac1 Bxf4 23. Qxf4 Qxf4 24. gxf4 Be8 25. Re6 Rd8 26. f3 Kh8 27. Kf2
Bc6 28. Rce1 Rf7 29. Re7 Rf6 30. R1e6 Rdf8 31. b4 Kg8 32. b5 axb5 33. cxb5 Bd5
34. Rxf6 Rxf6 35. a6 bxa6 36. bxa6 Rf8 37. a7 Rc8 38. Bxf5 Rc3 39. Be4 1-0

[Event "Lichtenrader Herbst"]
[Site "Berlin"]
[Date "2013.09.29"]
[Round "2.18"]
[White "Sappok, Marius"]
[Black "Moeller, Hendrik"]
[Result "0-1"]
[WhiteElo "1991"]
[BlackElo "2273"]
[PlyCount "58"]
[EventDate "2013.??.??"]
[WhiteTeam "SC Zugzwang 95 e.V."]
[BlackTeam "SC Weisse Dame e.V."]

1. e4 c6 2. d4 d5 3. e5 Bf5 4. Nf3 e6 5. Be2 c5 6. Be3 Nc6 7. c3 Qb6 8. b3 Nh6
9. O-O Bg6 10. Nh4 Nf5 11. Nxf5 Bxf5 12. Bd3 Bxd3 13. Qxd3 Rc8 14. Nd2 Be7 15.
Rac1 O-O 16. Nf3 cxd4 17. Bxd4 Nxd4 18. Nxd4 a6 19. Kh1 Bc5 20. f4 f5 21. Rfd1
Rc7 22. c4 Bxd4 23. Qxd4 Qxd4 24. Rxd4 Rfc8 25. h3 b5 26. Kh2 bxc4 27. bxc4
Rxc4 28. Rcd1 Rxd4 29. Rxd4 Rc4 0-1

[Event "Lichtenrader Herbst"]
[Site "Berlin"]
[Date "2013.09.29"]
[Round "2.19"]
[White "Schou-Moldt, Thomas"]
[Black "Pesola, Jyrki"]
[Result "1-0"]
[WhiteElo "2221"]
[BlackElo "1880"]
[PlyCount "61"]
[EventDate "2013.??.??"]

1. e4 c5 2. Nf3 g6 3. d4 cxd4 4. Nxd4 Bg7 5. Nc3 Nc6 6. Be3 Nf6 7. Nxc6 bxc6 8.
e5 Nd5 9. Nxd5 cxd5 10. Qxd5 Rb8 11. O-O-O Qc7 12. f4 O-O 13. b3 Qc3 14. Bd4
Qb4 15. Qc5 d6 16. exd6 exd6 17. Qxb4 Rxb4 18. Bxg7 Kxg7 19. g3 Bb7 20. Rg1 Rd8
21. Bc4 Be4 22. Rge1 f5 23. Bd5 Bxd5 24. Rxd5 Kf6 25. c4 Rb6 26. Red1 Ke6 27.
c5 Rc6 28. Rxd6+ Rdxd6 29. Rxd6+ Rxd6 30. cxd6 Kxd6 31. Kd2 1-0

[Event "Lichtenrader Herbst"]
[Site "Berlin"]
[Date "2013.09.29"]
[Round "2.20"]
[White "Ziese, Gerhard"]
[Black "Schnabel, Ralf"]
[Result "1/2-1/2"]
[WhiteElo "2000"]
[BlackElo "2228"]
[PlyCount "56"]
[EventDate "2013.??.??"]
[WhiteTeam "SG Turm Leipzig"]
[BlackTeam "ESV Nickelhütte Aue"]

1. d4 f5 2. e4 fxe4 3. Nc3 Nf6 4. Bg5 Nc6 5. d5 Ne5 6. Qe2 c6 7. O-O-O cxd5 8.
Nxd5 e6 9. Nxf6+ gxf6 10. Qxe4 Bg7 11. Bd2 O-O 12. Bc3 d5 13. Qh4 Ng6 14. Qg3
e5 15. Bc4 Be6 16. Ne2 Rc8 17. Bb3 Kh8 18. h4 Qd7 19. f3 d4 20. h5 Bh6+ 21. Kb1
Ne7 22. Qe1 Nf5 23. Bxe6 Qxe6 24. Nxd4 Nxd4 25. Bxd4 Qg8 26. Be3 Bxe3 27. Qxe3
Qxg2 28. c3 Rcd8 1/2-1/2

[Event "Lichtenrader Herbst"]
[Site "Berlin"]
[Date "2013.09.30"]
[Round "3.2"]
[White "Kul, Ivan"]
[Black "Romanishin, Oleg M"]
[Result "0-1"]
[WhiteElo "2123"]
[BlackElo "2499"]
[PlyCount "68"]
[EventDate "2013.??.??"]

1. e4 c5 2. b3 e6 3. Bb2 Nc6 4. g3 d6 5. Bg2 e5 6. Ne2 Nf6 7. d3 g6 8. Nbc3 Bg7
9. Nd5 Nxd5 10. exd5 Nd4 11. c3 Nxe2 12. Qxe2 O-O 13. O-O f5 14. f4 exf4 15.
Rxf4 Re8 16. Qd2 Qe7 17. Rf2 Qe3 18. Kf1 a5 19. Re1 Qxe1+ 20. Qxe1 Rxe1+ 21.
Kxe1 a4 22. c4 axb3 23. axb3 Bd7 24. Bxg7 Kxg7 25. Rb2 Kf6 26. b4 b6 27. bxc5
bxc5 28. Re2 Ra3 29. Re3 Ra2 30. Re2 Rxe2+ 31. Kxe2 Ke5 32. Ke3 g5 33. Bf1 Be8
34. h3 Bg6 0-1

[Event "Lichtenrader Herbst"]
[Site "Berlin"]
[Date "2013.09.30"]
[Round "3.3"]
[White "Collins, Sam E"]
[Black "Boettcher, Patrick"]
[Result "1-0"]
[WhiteElo "2475"]
[BlackElo "2176"]
[PlyCount "77"]
[EventDate "2013.??.??"]
[BlackTeam "SC Zitadelle Spandau 1977 e.V."]

1. e4 c6 2. d4 d5 3. e5 c5 4. dxc5 e6 5. Nf3 Bxc5 6. Bd3 Nc6 7. O-O Nge7 8. a3
Ng6 9. Re1 Qc7 10. b4 Bb6 11. Bb2 a6 12. Nbd2 O-O 13. c4 Nf4 14. Bf1 dxc4 15.
Nxc4 Ba7 16. Qc2 Qe7 17. Qe4 Ng6 18. Rad1 Rd8 19. h4 h6 20. h5 Nf8 21. Rd6 Bd7
22. Red1 Rac8 23. R6d2 Be8 24. Nd6 Ra8 25. a4 Bb6 26. Bc3 f5 27. exf6 gxf6 28.
b5 axb5 29. axb5 Na5 30. Nf5 Qh7 31. Qg4+ Kf7 32. Nd6+ Rxd6 33. Rxd6 Qc2 34.
Rxb6 Qxc3 35. Rbd6 Rc8 36. Bd3 Qc5 37. Bg6+ Ke7 38. Bxe8 Kxe8 39. Rxe6+ 1-0

[Event "Lichtenrader Herbst"]
[Site "Berlin"]
[Date "2013.09.30"]
[Round "3.4"]
[White "Major, Vitalij"]
[Black "Rabiega, Robert"]
[Result "1/2-1/2"]
[WhiteElo "2164"]
[BlackElo "2507"]
[PlyCount "85"]
[EventDate "2013.??.??"]
[WhiteTeam "SC Kreuzberg e.V."]
[BlackTeam "SK König Tegel 1949 e.V."]

1. d4 d5 2. Nf3 Nf6 3. e3 a6 4. Bd3 Bg4 5. Nbd2 e6 6. O-O c5 7. h3 Bh5 8. c3
Nc6 9. b3 Bd6 10. Bb2 O-O 11. Rc1 Qe7 12. dxc5 Bxc5 13. c4 Ba7 14. a3 Rac8 15.
Qe2 Rfd8 16. cxd5 Nxd5 17. b4 e5 18. Be4 Bg6 19. Bxg6 hxg6 20. Nb3 e4 21. Nfd4
Ne5 22. Rxc8 Rxc8 23. Rc1 Rd8 24. Nc5 Bxc5 25. Rxc5 Nd3 26. Rc4 f5 27. Nb3 Qf7
28. Rd4 Rc8 29. Nc5 Nxc5 30. Qc4 Nb6 31. Qxf7+ Kxf7 32. bxc5 Rxc5 33. Rd6 Rc6
34. Rd8 Ke6 35. Bxg7 Nd5 36. g4 fxg4 37. hxg4 Rc1+ 38. Kg2 Rc2 39. Kg3 Ra2 40.
Bf8 Nc3 41. Bb4 Ne2+ 42. Kg2 Nc1 43. Rd6+ 1/2-1/2

[Event "Lichtenrader Herbst"]
[Site "Berlin"]
[Date "2013.09.30"]
[Round "3.5"]
[White "Sawlin, Leonid"]
[Black "Lund, Silas Esben"]
[Result "1/2-1/2"]
[WhiteElo "2071"]
[BlackElo "2417"]
[PlyCount "89"]
[EventDate "2013.??.??"]
[WhiteTeam "TuS Makkabi Berlin e.V."]

1. e4 e6 2. d4 d5 3. Nc3 Nf6 4. e5 Nfd7 5. f4 c5 6. Nf3 Nc6 7. Be3 Be7 8. Qd2
b6 9. g3 O-O 10. Bh3 Bb7 11. Ne2 cxd4 12. Nexd4 Nc5 13. O-O Ne4 14. Qe2 Bc5 15.
Rad1 Qc8 16. Rfe1 Ba6 17. Qg2 g6 18. Nb3 Qc7 19. Nfd2 Nxd2 20. Qxd2 Bxe3+ 21.
Rxe3 d4 22. Ree1 Rad8 23. Qf2 d3 24. cxd3 Nb4 25. Nc1 Nxd3 26. Nxd3 Bxd3 27.
Rc1 Qe7 28. a3 Rd7 29. Bg2 Rfd8 30. Bc6 Rc7 31. Bf3 Rdc8 32. Qe3 Bc2 33. Re2
Rc5 34. Rd2 Bf5 35. Rxc5 Rxc5 36. g4 Bb1 37. Rd1 Bc2 38. Rc1 Qc7 39. g5 Rc4 40.
Be2 Rc5 41. Bf3 a5 42. Qd2 Be4 43. Rxc5 Qxc5+ 44. Kg2 Bd5 45. Qc3 1/2-1/2

[Event "Lichtenrader Herbst"]
[Site "Berlin"]
[Date "2013.09.30"]
[Round "3.6"]
[White "Mikkelsen, Nikolaj"]
[Black "Bruun, Henrik Emil"]
[Result "1-0"]
[WhiteElo "2412"]
[BlackElo "2092"]
[PlyCount "59"]
[EventDate "2013.??.??"]

1. e4 d6 2. d4 Nf6 3. Nc3 g6 4. Be3 Bg7 5. Qd2 O-O 6. Nf3 c6 7. Bh6 b5 8. Bxg7
Kxg7 9. a3 Qa5 10. e5 Nfd7 11. exd6 exd6 12. Ne4 Qd8 13. Ng3 Nb6 14. Be2 N8d7
15. O-O Nf6 16. b3 Bg4 17. Rfe1 Qd7 18. Nh4 h6 19. Bd3 Rae8 20. h3 Be6 21. Re2
Ng8 22. Rae1 f5 23. Qc1 d5 24. Qf4 Nc8 25. Nxg6 Kxg6 26. Rxe6+ Rxe6 27. Bxf5+
Kg7 28. Rxe6 Kh8 29. Rxh6+ Qh7 30. Rxh7# 1-0

[Event "Lichtenrader Herbst"]
[Site "Berlin"]
[Date "2013.09.30"]
[Round "3.7"]
[White "Zur, Jan"]
[Black "Gutman, Lev"]
[Result "0-1"]
[WhiteElo "2043"]
[BlackElo "2432"]
[PlyCount "120"]
[EventDate "2013.??.??"]
[WhiteTeam "SC Zugzwang 95 e.V."]
[BlackTeam "SV Lingen"]

1. e4 c5 2. Nf3 d6 3. d4 cxd4 4. Nxd4 Nf6 5. Nc3 a6 6. Be3 e5 7. Nde2 Be6 8. f4
Qc7 9. f5 Bc4 10. Ng3 Nbd7 11. Qd2 Rc8 12. Be2 Bxe2 13. Qxe2 d5 14. exd5 Bb4
15. Bd2 Bxc3 16. Bxc3 Nxd5 17. Ne4 O-O 18. O-O-O Qc6 19. Qd2 N7b6 20. Rhe1 f6
21. g4 Nxc3 22. Nxc3 Rf7 23. Qd6 Rfc7 24. Re2 Rd7 25. Qxc6 Rxd1+ 26. Nxd1 Rxc6
27. Rd2 Kf7 28. Ne3 Ke7 29. c3 Nc4 30. Nd5+ Kf7 31. Rd3 Rd6 32. Rd1 e4 33. Rd4
Ne5 34. c4 e3 35. Re4 Nxc4 36. Nxe3 Nxe3 37. Rxe3 g6 38. Rf3 Kg7 39. Kc2 Rd4
40. h3 h5 41. gxh5 g5 42. Rc3 Rf4 43. Rc7+ Kh6 44. Rxb7 Rxf5 45. Ra7 a5 46. Kd3
Kxh5 47. Rh7+ Kg6 48. Ra7 Rf2 49. Rxa5 Rxb2 50. a4 Rh2 51. Ra8 Rxh3+ 52. Ke2
Ra3 53. a5 Kf5 54. a6 Kf4 55. a7 f5 56. Ke1 g4 57. Ke2 Ra2+ 58. Kd1 g3 59. Ke1
g2 60. Rg8 Kf3 0-1

[Event "Lichtenrader Herbst"]
[Site "Berlin"]
[Date "2013.09.30"]
[Round "3.8"]
[White "Krefenstein, Sergej"]
[Black "Bekker-Jensen, David"]
[Result "0-1"]
[WhiteElo "2105"]
[BlackElo "2321"]
[PlyCount "56"]
[EventDate "2013.??.??"]
[WhiteTeam "TuS Makkabi Berlin e.V."]
[BlackTeam "SK Norderstedt von 1975"]

1. e4 c5 2. Nf3 d6 3. d4 Nf6 4. Nc3 cxd4 5. Nxd4 a6 6. Be3 e5 7. Nb3 Be7 8. f3
Be6 9. Qd2 O-O 10. O-O-O a5 11. Bb5 Na6 12. Kb1 Nc7 13. Bb6 Qc8 14. a4 Nxb5 15.
Nxb5 Ra6 16. Bxa5 b6 17. Bb4 Rxa4 18. Ba3 Rxa3 19. Nxa3 d5 20. exd5 Nxd5 21.
Rc1 Rd8 22. Qf2 Qc6 23. c4 Bf5+ 24. Ka1 Nb4 25. Rcd1 Ra8 26. Rd2 Qxc4 27. Qe3
Bc5 28. Qxc5 Qxb3 0-1

[Event "Lichtenrader Herbst"]
[Site "Berlin"]
[Date "2013.09.30"]
[Round "3.9"]
[White "Bruedigam, Martin"]
[Black "Cusnariov, Nikolai"]
[Result "1-0"]
[WhiteElo "2312"]
[BlackElo "2148"]
[PlyCount "57"]
[EventDate "2013.??.??"]
[WhiteTeam "USV Potsdam e.V., Abt. Schach"]
[BlackTeam "USV Potsdam e.V., Abt. Schach"]

1. e4 c6 2. d4 d5 3. Nc3 dxe4 4. Nxe4 Bf5 5. Ng3 Bg6 6. N3e2 h6 7. Nf3 Nd7 8.
Nf4 Be4 9. Bc4 Ngf6 10. c3 Bxf3 11. Qxf3 Nb6 12. Bb3 e6 13. O-O Bd6 14. Re1 O-O
15. Nd3 Qc7 16. Bxh6 Bxh2+ 17. Kf1 Nbd5 18. Bd2 c5 19. Nxc5 Bd6 20. Ne4 Nxe4
21. Rxe4 Be7 22. Rae1 Bf6 23. Rg4 Qd8 24. Bh6 g6 25. Bxf8 Kxf8 26. Rxg6 fxg6
27. Rxe6 Kg7 28. Bxd5 Rb8 29. Be4 1-0

[Event "Lichtenrader Herbst"]
[Site "Berlin"]
[Date "2013.09.30"]
[Round "3.10"]
[White "Glantz, Robert"]
[Black "Feikes, Joerg"]
[Result "1-0"]
[WhiteElo "2310"]
[BlackElo "2039"]
[PlyCount "59"]
[EventDate "2013.??.??"]
[WhiteTeam "SC Kreuzberg e.V."]

1. e4 e5 2. Nf3 Nc6 3. Bb5 a6 4. Ba4 d6 5. c3 f5 6. exf5 Bxf5 7. O-O Bd3 8. Re1
Be7 9. Re3 e4 10. Ne1 Bg5 11. Rg3 Bh4 12. Qh5+ g6 13. Rxg6 hxg6 14. Qxh8 Kf8
15. Bxc6 bxc6 16. Na3 Bxf2+ 17. Kxf2 Qe7 18. Kg1 Re8 19. b4 Be2 20. Nec2 Qf7
21. Bb2 Re5 22. Qh3 Nf6 23. Ne3 Nh5 24. c4 Re6 25. Nac2 c5 26. bxc5 dxc5 27.
Ba3 Ke8 28. Bxc5 Nf4 29. Qh8+ Kd7 30. Qf8 1-0

[Event "Lichtenrader Herbst"]
[Site "Berlin"]
[Date "2013.09.30"]
[Round "3.12"]
[White "Moeller, Hendrik"]
[Black "Schnoor, Ekkehard"]
[Result "1/2-1/2"]
[WhiteElo "2273"]
[BlackElo "2091"]
[PlyCount "97"]
[EventDate "2013.??.??"]
[WhiteTeam "SC Weisse Dame e.V."]
[BlackTeam "SG Grün-Weiß Dresden"]

1. c4 g6 2. g3 Bg7 3. Bg2 c5 4. Nc3 Nc6 5. Nf3 d6 6. O-O Bd7 7. d3 Bxc3 8. bxc3
Qc8 9. Rb1 b6 10. e4 Bh3 11. Nh4 Bxg2 12. Kxg2 Qd7 13. f4 O-O-O 14. f5 f6 15.
Kg1 g5 16. Ng2 e5 17. Ne3 Nge7 18. a4 Na5 19. Rb5 Kb7 20. Rf2 Ka8 21. Rfb2 h5
22. h3 h4 23. g4 Rb8 24. Bd2 Rb7 25. Nd5 Nxd5 26. cxd5 Rhb8 27. Rb1 Qc7 28. c4
a6 29. R5b2 Ka7 30. Bc3 Qd7 31. Qc2 Qe8 32. Kf2 Qd7 33. Ke3 Qe8 34. Ra1 Qd7 35.
Qd2 Qc7 36. Ke2 Qd8 37. Rab1 Qc7 38. Kf3 Qd7 39. Ra2 Qc7 40. Qc1 Qd7 41. Bd2
Qe7 42. Ke2 Qd8 43. Kd1 Qe7 44. Kc2 Qd8 45. Rbb2 Qe7 46. Kb1 Qd8 47. Ka1 Qe7
48. Rb1 Qd8 49. Qe1 1/2-1/2

[Event "Lichtenrader Herbst"]
[Site "Berlin"]
[Date "2013.09.30"]
[Round "3.13"]
[White "Bolk, Matthias"]
[Black "Schou-Moldt, Thomas"]
[Result "0-1"]
[WhiteElo "2045"]
[BlackElo "2221"]
[PlyCount "58"]
[EventDate "2013.??.??"]
[WhiteTeam "SV Senat"]

1. e4 g6 2. d4 d6 3. Nc3 Bg7 4. Be3 Nf6 5. f3 O-O 6. Qd2 c5 7. Nge2 Qa5 8.
O-O-O b5 9. dxc5 b4 10. Nd5 Nxd5 11. Qxd5 Be6 12. Qxa8 Bxb2+ 13. Kd2 b3+ 14. c3
bxa2 15. cxd6 Bb3 16. Re1 a1=Q 17. Rxa1 Qxa1 18. Bd4 e5 19. Bc5 Bxc3+ 20. Ke3
Qe1 21. f4 Bd4+ 22. Bxd4 exd4+ 23. Kf3 d3 24. Qb7 Bd1 25. Qb5 dxe2 26. Bxe2
Bxe2+ 27. Qxe2 Qxh1 28. e5 Qb1 29. e6 Qb3+ 0-1

[Event "Lichtenrader Herbst"]
[Site "Berlin"]
[Date "2013.09.30"]
[Round "3.14"]
[White "Lagunow, Raphael"]
[Black "Reichenbach, Werner"]
[Result "1/2-1/2"]
[WhiteElo "1969"]
[BlackElo "2290"]
[PlyCount "42"]
[EventDate "2013.??.??"]
[WhiteTeam "SG Lasker Steglitz-Wilmersdorf"]
[BlackTeam "SC Oberkrämer"]

1. e4 g6 2. d4 Bg7 3. Nf3 d6 4. c3 Nf6 5. Bd3 O-O 6. O-O Nc6 7. h3 e5 8. a3 Re8
9. Re1 a5 10. Bc2 h6 11. Nbd2 Bd7 12. Nf1 Nh5 13. Be3 a4 14. Qd2 g5 15. Ng3 Nf4
16. Nf5 Bf8 17. Rad1 Qf6 18. Bxf4 exf4 19. e5 Qh8 20. exd6 cxd6 21. g4 Qf6
1/2-1/2

[Event "Lichtenrader Herbst"]
[Site "Berlin"]
[Date "2013.09.30"]
[Round "3.15"]
[White "Schmidek, Emil"]
[Black "Jahnz, Fabian"]
[Result "0-1"]
[WhiteElo "1940"]
[BlackElo "2226"]
[PlyCount "136"]
[EventDate "2013.??.??"]
[WhiteTeam "TuS Makkabi Berlin e.V."]
[BlackTeam "SK König Tegel 1949 e.V."]

1. e4 e5 2. Nf3 Nc6 3. Bb5 a6 4. Ba4 Nf6 5. d3 b5 6. Bb3 Bc5 7. O-O d6 8. c3 h6
9. Re1 O-O 10. Nbd2 Bb6 11. Nf1 Ne7 12. Ng3 Ng6 13. h3 c6 14. a4 Be6 15. Bc2
Qc7 16. d4 Rad8 17. Be3 c5 18. d5 Bd7 19. axb5 axb5 20. Qd2 Kh7 21. Nh2 Ra8 22.
Nf5 Bxf5 23. exf5 Ne7 24. Ng4 Neg8 25. Nxf6+ Nxf6 26. g4 Rxa1 27. Rxa1 Qb7 28.
Rd1 c4 29. g5 Bxe3 30. Qxe3 Nh5 31. gxh6 f6 32. Kh2 gxh6 33. Be4 Nf4 34. Rg1
Rg8 35. Ra1 Rg7 36. Ra3 Qf7 37. Bf3 Nxd5 38. Qe4 Nf4 39. Ra6 d5 40. Qe3 Qc7 41.
Kh1 Nxh3 42. Rxf6 Nf4 43. Qb6 Qxb6 44. Rxb6 e4 45. f6 Rf7 46. Bd1 Kg6 47. Rxb5
Rxf6 48. b4 cxb3 49. Bxb3 Rf5 50. Kh2 Kg5 51. Rc5 h5 52. Kg3 Kf6 53. Kh2 Rg5
54. Kh1 h4 55. Rc6+ Kf5 56. Bd1 Nd3 57. Be2 Nxf2+ 58. Kh2 Kf4 59. Rd6 Ke3 60.
Bf1 Nd1 61. c4 d4 62. Rd5 Rg7 63. c5 d3 64. Kh3 Nf2+ 65. Kh2 d2 66. c6 d1=Q 67.
Rxd1 Nxd1 68. Bh3 Rc7 0-1

[Event "Lichtenrader Herbst"]
[Site "Berlin"]
[Date "2013.09.30"]
[Round "3.17"]
[White "Schoene, Ralf"]
[Black "Wecker, Martin"]
[Result "1/2-1/2"]
[WhiteElo "2345"]
[BlackElo "2055"]
[PlyCount "49"]
[EventDate "2013.??.??"]
[WhiteTeam "TSG Neuruppin"]
[BlackTeam "Godesberger SK 1929 e.V."]

1. c4 c5 2. Nc3 Nc6 3. g3 g6 4. Bg2 Bg7 5. e3 e6 6. Nge2 Nge7 7. d4 cxd4 8.
exd4 d5 9. cxd5 Nxd5 10. O-O O-O 11. a3 Nxc3 12. bxc3 Na5 13. Bf4 Bd7 14. Rb1
Rc8 15. Re1 Bc6 16. Bxc6 Rxc6 17. Qc1 b6 18. Bh6 Qd6 19. Bxg7 Kxg7 20. h4 h5
21. Nf4 Rfc8 22. Ne2 Rc4 23. Qg5 Qd8 24. Qb5 R4c7 25. Qd3 1/2-1/2

[Event "Lichtenrader Herbst"]
[Site "Berlin"]
[Date "2013.09.30"]
[Round "3.18"]
[White "Cirkovic, Rade"]
[Black "Gruzmann, Boris"]
[Result "0-1"]
[WhiteElo "1945"]
[BlackElo "2245"]
[PlyCount "108"]
[EventDate "2013.??.??"]
[WhiteTeam "SK Dragojle Babic"]
[BlackTeam "SG Lasker Steglitz-Wilmersdorf"]

1. e4 e5 2. Nf3 Nc6 3. Bb5 a6 4. Ba4 d6 5. h3 Bd7 6. c3 Nf6 7. d3 Be7 8. O-O
O-O 9. Re1 Re8 10. Nbd2 Bf8 11. Nf1 g6 12. Bg5 h6 13. Be3 d5 14. Ng3 Kh7 15.
Bc2 Be6 16. Qe2 Qd7 17. Kh2 Rad8 18. Rad1 d4 19. Bc1 Bxa2 20. Qd2 Be6 21. Rf1
Ng8 22. c4 Qe7 23. Ba4 Bd7 24. Ng1 h5 25. N3e2 Bh6 26. Qe1 Qb4 27. Bxc6 Qxe1
28. Rfxe1 Bxc6 29. Bxh6 Kxh6 30. f4 f6 31. Nf3 Re6 32. g4 hxg4 33. hxg4 g5 34.
f5 Re7 35. Kg2 Rh7 36. Ng3 Be8 37. Rh1+ Kg7 38. Rxh7+ Kxh7 39. Rh1+ Kg7 40. Nd2
Ne7 41. Kf2 Bf7 42. Ke2 Rh8 43. Rxh8 Kxh8 44. Kd1 Ng8 45. Nh1 Nh6 46. Nf2 Nxg4
47. Nxg4 Bh5 48. Ke1 Bxg4 49. Nb3 b6 50. c5 Kg7 51. cxb6 cxb6 52. Nd2 Bh5 53.
Nc4 b5 54. Nd6 b4 0-1

[Event "Lichtenrader Herbst"]
[Site "Berlin"]
[Date "2013.09.30"]
[Round "3.19"]
[White "Schnabel, Ralf"]
[Black "Alten, Silvio"]
[Result "1-0"]
[WhiteElo "2228"]
[BlackElo "1886"]
[PlyCount "81"]
[EventDate "2013.??.??"]
[WhiteTeam "ESV Nickelhütte Aue"]
[BlackTeam "Treptower SV 1949 e.V."]

1. e4 c5 2. b3 Nc6 3. Bb2 e6 4. Nf3 d5 5. exd5 exd5 6. d4 Nf6 7. Be2 b6 8. O-O
Be7 9. Re1 O-O 10. Nbd2 Bb7 11. Nf1 Nh5 12. Qd2 Qd6 13. Ng3 Nf4 14. Nf5 Nxe2+
15. Qxe2 Qe6 16. Nxe7+ Nxe7 17. dxc5 bxc5 18. Qb5 Qc6 19. Qxc6 Nxc6 20. Ba3 Nb4
21. Bxb4 cxb4 22. Nd4 Rfc8 23. f3 Kf8 24. Kf2 Rc5 25. a3 a5 26. axb4 axb4 27.
Rxa8+ Bxa8 28. Ra1 Rc8 29. Ra7 g6 30. Ke3 Re8+ 31. Kf4 Kg7 32. h4 Kf6 33. Ra6+
Ke7 34. Ke5 Kf8+ 35. Kf6 Bb7 36. Rb6 Bc8 37. Rxb4 Ba6 38. g4 h6 39. Rb6 Bf1 40.
Rb7 g5 41. hxg5 1-0

[Event "Lichtenrader Herbst"]
[Site "Berlin"]
[Date "2013.09.30"]
[Round "3.20"]
[White "Postler, Reinhard"]
[Black "Ziese, Gerhard"]
[Result "1-0"]
[WhiteElo "2249"]
[BlackElo "2000"]
[PlyCount "103"]
[EventDate "2013.??.??"]
[WhiteTeam "TSG Oberschöneweide e.V."]
[BlackTeam "SG Turm Leipzig"]

1. e4 e5 2. Nf3 Nc6 3. Bb5 f5 4. d3 fxe4 5. dxe4 Nf6 6. O-O Bc5 7. Bxc6 bxc6 8.
Nxe5 O-O 9. Nc3 d6 10. Nd3 Bb6 11. Qe1 Ba6 12. Be3 Qe8 13. Bxb6 axb6 14. f3 Qf7
15. Rf2 Rae8 16. Qd2 h6 17. Re1 Qh5 18. a3 d5 19. exd5 Bxd3 20. Rxe8 Rxe8 21.
Qxd3 cxd5 22. Re2 c6 23. Rxe8+ Qxe8 24. Kf1 Kf7 25. Qe2 Qb8 26. g3 Qd6 27. Qd3
Qd7 28. Ne2 c5 29. Nf4 Qc6 30. Kg2 Qd7 31. h4 b5 32. g4 d4 33. Qg6+ Kf8 34. Kf2
c4 35. g5 hxg5 36. hxg5 Nd5 37. Ne6+ Kg8 38. Nxd4 Nf4 39. Qe4 Nh3+ 40. Ke3 Nxg5
41. Qe5 Nf7 42. Qxb5 Qe7+ 43. Kd2 Nd6 44. Qd5+ Kh7 45. a4 g6 46. a5 Qc7 47. Kc1
Qe7 48. Ne6 Qh4 49. Kb1 Nf5 50. a6 Qe1+ 51. Ka2 Qb4 52. Qb7+ 1-0

[Event "Lichtenrader Herbst"]
[Site "Berlin"]
[Date "2013.10.01"]
[Round "4.1"]
[White "Graf, Alexander"]
[Black "Bekker-Jensen, David"]
[Result "1-0"]
[WhiteElo "2607"]
[BlackElo "2321"]
[PlyCount "109"]
[EventDate "2013.??.??"]
[WhiteTeam "USV Volksbank Halle"]
[BlackTeam "SK Norderstedt von 1975"]

1. d4 Nf6 2. c4 g6 3. Nc3 Bg7 4. e4 d6 5. f3 O-O 6. Nge2 Nc6 7. Bg5 a6 8. Qd2
Na5 9. b3 b5 10. cxb5 axb5 11. Rc1 c6 12. Ng3 Be6 13. d5 Bxd5 14. exd5 b4 15.
Bxf6 exf6 16. Nd1 c5 17. Bc4 Nxc4 18. Rxc4 Re8+ 19. Kf2 Qa5 20. Re1 Rxe1 21.
Kxe1 Qxa2 22. Qxa2 Rxa2 23. Ne2 f5 24. Rc1 h5 25. Rb1 Bf6 26. Ne3 Kf8 27. Nc4
Ke7 28. f4 Kd7 29. Kf2 Bd4+ 30. Kf3 Bf6 31. Ke3 Kc7 32. Kd3 Bg7 33. Rc1 Bf6 34.
Rc2 Ra1 35. Nc1 Bg7 36. Kd2 Bh6 37. g3 g5 38. Ke3 h4 39. gxh4 g4 40. Ne2 Rf1
41. Nd2 Rh1 42. Ng3 Re1+ 43. Kf2 Ra1 44. Nh5 Bf8 45. Ke2 Bh6 46. Nc4 Rh1 47.
Ke3 Rf1 48. Rf2 Rb1 49. Nd2 Rc1 50. Ng3 Bg7 51. Nxf5 Bf6 52. h5 Rc3+ 53. Ke4
Rh3 54. Ng3 Bh4 55. Ndf1 1-0